00242 a2200097 4500001000700000040003500007100003400042240003100076245002600107440001100133154093 cEscola São Tomás de Aquino aCOELHO, Marco Antonio Tavares10aHerança de um sonholpor10aHerança de um sonho 1aRecord